Dozorca výťahu. Bezpečnosť práce na výťahovej technike pokyny pre vlastníkov a užívateľov výťahov : doporučený postup pre zaškolenie dozorcu výťahou s obsluhou a bez obsluhy

Podrobná bibliografia
Médium: Kniha
Jazyk:slovenčina
Fyzický popis:[28] s. tab. 29 cm
Vydavateľské údaje: Dunajská Lužná PRESOX 2000
Predmet:

MARC

LEADER 00000cam a2200000 a 4500
001 vtls001440557
003 SK-MaSNL
005 20260301103745.0
008 240226s2000 xo a fr o000 0 slo
015 |a SNBI2002/04-01608 
035 |a SNK000395730 
035 |a BE174AB6-CC5F-4543-AF51-D566F114D9FB 
035 |a urn:nbn:sk:snk-am00a0b6 
035 |a urn:nbn:sk:snk-am3hc16 
040 |a SNK  |b slo  |c SNK  |e AACR2 
041 0 |a slo 
044 |a xo  |c SK 
080 |a 621.876  |2 2001 
080 |a 331.45  |2 2011 
080 |a (035)  |2 2011 
245 0 0 |a Dozorca výťahu. Bezpečnosť práce na výťahovej technike  |b pokyny pre vlastníkov a užívateľov výťahov : doporučený postup pre zaškolenie dozorcu výťahou s obsluhou a bez obsluhy 
260 |a Dunajská Lužná  |b PRESOX  |c 2000 
300 |a [28] s.  |b tab.  |c 29 cm 
500 |a Voľné listy v PVC-obale 
650 0 7 |a výťahy  |2 SNKPH  |9 2778 
650 0 7 |a bezpečnosť práce  |2 SNKPH  |9 1296 
650 0 7 |a Occupational safety  |2 SNKPHeng  |9 287472 
655 7 |a príručky  |2 SNKPH  |9 74364 
655 7 |a Handbooks, manuals, etc.  |2 SNKPHeng  |9 90964 
958 |a OND 
958 |a TL 
958 |a BQ 
999 |c 696183  |d 698113 
952 |t P60, <03>, [BOOK], {603}  |a SNK  |b SNK  |y PREZ  |7 0  |p 17A0356474  |o snkSB 65524  |i snkKSP 11229/2002  |0 0  |1 0  |4 0  |d 2002-09-12  |f 1  |l 0  |r 2017-06-30 00:00:00  |w 2026-02-23